000 00522nam a2200181Ia 4500
003 GCL
008 140319s9999 xx 000 0 ara d
040 _aGCL /
_cGCL
082 0 4 _a956.9
_bف ا
100 1 _aفراس السواح
245 1 0 _aارام دمشق واسرائيل فى التاريخ والتاريخ التوراتى /
_cفراس السواح
300 _a302
490 _a100 قصة
_v0
650 0 4 _aتاريخ
650 0 4 _aالعهد القديم
650 0 4 _aاسرائيل
942 _2ddc
_cBK
999 _c43861
_d43861